Sensación y percepción

Uloženo v:
Podrobná bibliografie
Hlavní autor: Luria, Aleksander Romanovich (autor)
Médium: Kniha
Jazyk:španělština
Vydáno: Barcelona Martínez Roca 1984
Edice:Breviarios de conducta humana
Témata:
Tagy: Přidat tag
Žádné tagy, Buďte první, kdo vytvoří štítek k tomuto záznamu!

MARC

LEADER 00000nam a2200000 a 4500
001 UCX9465
003 CL-VaPUC
008 940607e19840000SP |||||||||||||||||spa|d
082 0 4 |a 152.1  |b LUR  |2 21 
100 |a Luria, Aleksander Romanovich  |e autor  |9 549746 
245 1 0 |a Sensación y percepción 
300 |a 137 p 
942 |c BK 
945 |d 19940607 00:00:00  |a rbrito 
260 |a Barcelona  |b Martínez Roca  |c 1984 
650 0 |a Percepción   |9 266750 
650 0 |a Sentidos  |9 266023 
583 |a last modification  |c 19940607 00:00:00  |k Rodrigo Vera 
490 0 |a Breviarios de conducta humana 
999 |c 228694  |d 228692 
952 |0 0  |1 0  |4 0  |6 152_100000000000000_LUR_1984  |7 0  |8 A  |9 229054  |a BIBEDU  |b BIBEDU  |d 2019-11-15  |i 2982013  |l 2  |m 1  |o 152.1 LUR 1984  |p 2982013  |r 2024-04-10  |s 2024-03-28  |w 2019-11-15  |y BK  |k EPE